Online
Catalog

La leyenda de Enrique Blanco / (Record no. 56476)

MARC details
000 -CABECERA
campo de control de longitud fija 01459nam a2200301 i 4500
003 - IDENTIFICADOR DEL NÚMERO DE CONTROL
campo de control DO-SdBNP
005 - FECHA Y HORA DE LA ÚLTIMA TRANSACCIÓN
campo de control 20240422100425.0
007 - CAMPO FIJO DE DESCRIPCIÓN FÍSICA--INFORMACIÓN GENERAL
campo de control de longitud fija ta
008 - DATOS DE LONGITUD FIJA--INFORMACIÓN GENERAL
campo de control de longitud fija 240422s2001 dr 000 j spa d
020 ## - NÚMERO INTERNACIONAL ESTÁNDAR DEL LIBRO
Número Internacional Estándar del Libro 9993481709
040 ## - FUENTE DE LA CATALOGACIÓN
Centro catalogador/agencia de origen DO-SdBNP
Lengua de catalogación spa
Centro/agencia transcriptor BNPHU
Normas de descripción rda
082 ## - NÚMERO DE LA CLASIFICACIÓN DECIMAL DEWEY
Número de documento/Ítem U15
Número de edición 22
100 ## - ENTRADA PRINCIPAL--NOMBRE DE PERSONA
Nombre de persona Ubiñas Renville, Guaroa,
Fechas asociadas al nombre 1944-
9 (RLIN) 6462
245 13 - MENCIÓN DE TÍTULO
Título La leyenda de Enrique Blanco /
Mención de responsabilidad, etc. Guaroa Ubiñas Renville
246 10 - FORMA VARIANTE DE TÍTULO
Título propio/Titulo breve Enrique Blanco /
264 #1 - PRODUCCIÓN, PUBLICACIÓN, DISTRIBUCIÓN, FABRICACIÓN Y COPYRIGHT
Producción, publicación, distribución, fabricación y copyright Santo Domingo :
Nombre del de productor, editor, distribuidor, fabricante Letra Gráfica,
Fecha de producción, publicación, distribución, fabricación o copyright 2001.
300 ## - DESCRIPCIÓN FÍSICA
Extensión 12 páginas,
Dimensiones 21 cm.
336 ## - TIPO DE CONTENIDO
Fuente rdacontent
Término de tipo de contenido texto
Código de tipo de contenido txt
337 ## - TIPO DE MEDIO
Fuente rdamedia
Nombre/término del tipo de medio sin mediación
Código del tipo de medio n
338 ## - TIPO DE SOPORTE
Fuente rdacarrier
Nombre/término del tipo de soporte volumen
Código del tipo de soporte nc
490 ## - MENCIÓN DE SERIE
Mención de serie Leyendas dominicanas
Designación de volumen o secuencia 3
490 ## - MENCIÓN DE SERIE
Mención de serie Colección de historias, mitos y leyendas
500 ## - NOTA GENERAL
Nota general Incluye datos biografícos del autor en la contraportada.
520 ## - SUMARIO, ETC.
Sumario, etc. Aunque no existen datos fidedignos que lo comprueben, corrió la versión de que Enrique Blanco era el mejor tirador del ejército y que, estando de puesto en la Fortaleza Ozama, desertó de sus filas en el año 1933 (otros autores sostienen que en 1932) iniciando a partir de entonces una vida nómada y rebelde en las estribaciones del Cibao, momento en el cual comenzaron a tejerse en torno al personaje las versiones encontradas y disímiles que hasta hoy han hecho casi imposible reconstruir su verdadera fisonomía histórica.
590 ## - NOTA LOCAL (RLIN)
Nota local Inventariado, 2024/ YL
910 ## - DATOS DE OPCIÓN DEL USUARIO (OCLC)
Datos de opción del usuario YLockward
942 ## - ELEMENTOS DE PUNTO DE ACCESO ADICIONAL (KOHA)
Fuente del sistema de clasificación o colocación Dewey Decimal Classification
Tipo de ítem Koha Folleto
Holdings
Estado de retiro Estado de pérdida Fuente del sistema de clasificación o colocación Restricciones de uso No para préstamo Código de colección Localización permanente Ubicación/localización actual Ubicación en estantería Fecha de adquisición Fuente de adquisición Total de préstamos Signatura topográfica completa Código de barras Fecha visto por última vez Precio válido a partir de Tipo de ítem Koha Nota pública
    Dewey Decimal Classification Excluido de préstamo   Dominicana Folletos Biblioteca Nacional Pedro Henríquez Ureña Biblioteca Nacional Pedro Henríquez Ureña En catalogación 01.03.2023 Donación   BNPHU F-PD U15 2024-2413 22.04.2024 22.04.2024 Folleto Perteneció a la biblioteca personal de Emilio Cordero Michel

Powered by Koha